000 00597nam a2200205Ia 4500
003 IN-BaIIA
008 211028s9999 xx 000 0 eng d
040 _cIIA Library
080 _a515.125
_bMOD-1
100 _aModenov, P. S
_94681
245 0 _aGeometric transformations
_bvol. 1, euclidean and affine
_cP S Modenov
260 _aNew York
_bAcademic Press
_c1965
300 _ax, 160p.
490 _aAcademic Paperbacks
650 _aAffine transformation
_94682
650 _aEuclidean transformations
_94683
650 _aTopology
_94373
700 _aParkhomenko, A.S.
_94684
942 _cBK
999 _c2631
_d2631